00669cam a2200193u 450000100100000000500170001000800410002701000130006804000240008105000180010510000390012324500220016226000390018430000270022365000700025091000330032095201050035399900170045800001892620200929165902.0830302s1952 nyua j 000 0 eng  a52007222 aDO-SdBNPcCarPdDLC00aPZ7.D36bRo281 aDefoe, Daniel,d1661?-1731.94073310aRobinson Crusoe,. aNew York, :bRandom House,cc1952. aunpaged. illus. 29 cm. 0aCrusoe, robinson (fictitious character)vJuvenile fiction.940734 aCatalogación derivada / LC 001050718MOaGRbGRcHDd2010-05-20iLF1l0o p18926-10r2020-06-25w2020-06-25y1ZNo se presta c18444d18444